| Virtuální polytechnická knihovna - Souborný katalog - Úplný záznam dokumentu - MARC |
Uživatel: --- |
-----nas 22-----zu 4500
001 SKVPK0031882
003 CZ-VPK
005 20260423091547.0
008 260423d19501955||||| | ||| || |||||||
040 $aABA013$bcze
222 0$aObzor Plzeňských energetických rozvodných závodů
245 00$aObzor Plzeňských energetických rozvodných závodů
260 $aČeská Republika :$bPlzeň : Plzeňské energetické rozvodné závody,$c1950-1
955
650 07$aenergetika$xen$2psh
780 00$tObzor západočeských elektráren
910 $aABA013$r1953-1954
| středa 13.05.2026 20:15:25 |
© 2001-2015 Národní technická knihovna |
[Virtuální polytechnická knihovna]
[Servisní centrum]
[Souborný katalog]